000 00538nam a22001817a 4500
005 20251205151000.0
008 251205b |||||||| |||| 00| 0 eng d
037 _cTB
040 _aAL
_cAL
041 _2HIN
_aHIN
084 _bAL
100 _aनायर, एन. चन्द्रशेखरन
_9854955
245 _aनाटक साहित्य
260 _c1973
300 _a314p.
942 _2CC
_cTB
_n0
999 _c1465998
_d1465998